|
|
|
|
| LEADER |
03065nam a22005895i 4500 |
| 001 |
978-3-540-79968-9 |
| 003 |
DE-He213 |
| 005 |
20151204182153.0 |
| 007 |
cr nn 008mamaa |
| 008 |
100301s2008 gw | s |||| 0|eng d |
| 020 |
|
|
|a 9783540799689
|9 978-3-540-79968-9
|
| 024 |
7 |
|
|a 10.1007/978-3-540-79968-9
|2 doi
|
| 040 |
|
|
|d GrThAP
|
| 050 |
|
4 |
|a TK5105.5-5105.9
|
| 072 |
|
7 |
|a UKN
|2 bicssc
|
| 072 |
|
7 |
|a COM075000
|2 bisacsh
|
| 082 |
0 |
4 |
|a 004.6
|2 23
|
| 245 |
1 |
0 |
|a Service-Oriented Computing: Agents, Semantics, and Engineering
|h [electronic resource] :
|b AAMAS 2008 International Workshop, SOCASE 2008, Estoril, Portugal, May 12, 2008 Proceedings /
|c edited by Ryszard Kowalczyk, Michael Huhns, Matthias Klusch, Zakaria Maamar, Quoc Bao Vo.
|
| 264 |
|
1 |
|a Berlin, Heidelberg :
|b Springer Berlin Heidelberg,
|c 2008.
|
| 300 |
|
|
|a IX, 149 p.
|b online resource.
|
| 336 |
|
|
|a text
|b txt
|2 rdacontent
|
| 337 |
|
|
|a computer
|b c
|2 rdamedia
|
| 338 |
|
|
|a online resource
|b cr
|2 rdacarrier
|
| 347 |
|
|
|a text file
|b PDF
|2 rda
|
| 490 |
1 |
|
|a Lecture Notes in Computer Science,
|x 0302-9743 ;
|v 5006
|
| 505 |
0 |
|
|a A Middleware Architecture for Building Contract-Aware Agent-Based Services -- A Knowledge Technologies-Based Multi-agent System for eGovernment Environments -- Towards a Broker Agent in the Semantic Services Environment -- Pattern-Based Semantic Tagging for Ontology Population -- Service-Based Integration of Grid and Multi-Agent Systems Models -- Discovering Homogenous Service Communities through Web Service Clustering -- Collaborative Learning Agents Supporting Service Network Management -- A Multi-Agent Architecture for NATO Network Enabled Capabilities: Enabling Semantic Interoperability in Dynamic Environments (NC3A RD-2376) -- An Agent for Asymmetric Process Mediation in Open Environments -- Towards an Emergent Taxonomy Approach for Adaptive Profiling -- Commitment-Based Service Coordination.
|
| 650 |
|
0 |
|a Computer science.
|
| 650 |
|
0 |
|a Computer communication systems.
|
| 650 |
|
0 |
|a Database management.
|
| 650 |
|
0 |
|a Data mining.
|
| 650 |
|
0 |
|a Multimedia information systems.
|
| 650 |
|
0 |
|a Artificial intelligence.
|
| 650 |
1 |
4 |
|a Computer Science.
|
| 650 |
2 |
4 |
|a Computer Communication Networks.
|
| 650 |
2 |
4 |
|a Information Systems Applications (incl. Internet).
|
| 650 |
2 |
4 |
|a Data Mining and Knowledge Discovery.
|
| 650 |
2 |
4 |
|a Database Management.
|
| 650 |
2 |
4 |
|a Multimedia Information Systems.
|
| 650 |
2 |
4 |
|a Artificial Intelligence (incl. Robotics).
|
| 700 |
1 |
|
|a Kowalczyk, Ryszard.
|e editor.
|
| 700 |
1 |
|
|a Huhns, Michael.
|e editor.
|
| 700 |
1 |
|
|a Klusch, Matthias.
|e editor.
|
| 700 |
1 |
|
|a Maamar, Zakaria.
|e editor.
|
| 700 |
1 |
|
|a Vo, Quoc Bao.
|e editor.
|
| 710 |
2 |
|
|a SpringerLink (Online service)
|
| 773 |
0 |
|
|t Springer eBooks
|
| 776 |
0 |
8 |
|i Printed edition:
|z 9783540799672
|
| 830 |
|
0 |
|a Lecture Notes in Computer Science,
|x 0302-9743 ;
|v 5006
|
| 856 |
4 |
0 |
|u http://dx.doi.org/10.1007/978-3-540-79968-9
|z Full Text via HEAL-Link
|
| 912 |
|
|
|a ZDB-2-SCS
|
| 912 |
|
|
|a ZDB-2-LNC
|
| 950 |
|
|
|a Computer Science (Springer-11645)
|